000 005410000a22001810004500
041 0 _aSPA
082 0 4 _aG 362.83 B5311m
100 1 _aBernstein, Rose
245 1 0 _aLa madre soltera frente a la sociedad / Rose Bernstein ; María Luisa Martínez Alinari, Traductor
260 _aBuenos Aires : Marymar
300 _a167 Pág.
500 _aTítulo original : Helping unmarried mothers
001 14291
942 _cBK
999 _c43182
_d43182
336 _atexto
_btxt
_2rdacontent
337 _2rdamedia
_asin mediación
_bn
338 _2rdacarrier
_avolumen
_bnc